| 000 | 00410nam a2200157Ia 4500 | ||
|---|---|---|---|
| 008 | 230312s9999||||xx |||||||||||||| ||und|| | ||
| 020 | _a0-13-500554-x | ||
| 082 |
_a519.5028 _bCOD-A |
||
| 100 | _aCody;Ronald.P | ||
| 245 | 0 | _aApplied Statistics and the SAS Programming Language | |
| 260 |
_bPrentice Hall _aUK _c1991 |
||
| 300 | _a403 | ||
| 546 | _aEng. | ||
| 650 |
_aMedical _vApplied Statistics |
||
| 942 | _cBK | ||
| 999 |
_c7024 _d7024 |
||